Normal view
MARC view
- تاليف البصري، ابو عبيدة معمر بن المثنى التيمي
Entry Personal Name
001 - CONTROL NUMBER
- control field: 61996
003 - CONTROL NUMBER IDENTIFIER
- control field: JO-AjAnu
005 - DATE AND TIME OF LATEST TRANSACTION
- control field: 20230606084127.0
008 - FIXED-LENGTH DATA ELEMENTS
- fixed length control field: 230606|| aca||aabn | a|a d
040 ## - CATALOGING SOURCE
- Original cataloging agency: JO-AjAnu
- Transcribing agency: JO-AjAnu
100 ## - HEADING--PERSONAL NAME
- Personal name: تاليف البصري، ابو عبيدة معمر بن المثنى التيمي
670 ## - SOURCE DATA FOUND
- Source citation: Work cat.: (JO-AjAnu)31619: تاليف البصري، ابو عبيدة معمر بن المثنى التيمي, author, ديوان النقائض: نقائض جرير والفرزدق، ج1